| 000 | 00795cam a2200241 a 4500 | ||
|---|---|---|---|
| 003 | OSt | ||
| 005 | 20140211122030.0 | ||
| 008 | 111212s2011 sp |||| |||| 0|1 0bspa | ||
| 017 | _aDL M. 39879-2011 | ||
| 020 | _a9788470744419 | ||
| 040 |
_bcat _cCDMR |
||
| 100 | 1 | _aNogué, Anna | |
| 245 | 1 | 0 |
_aTristán La Rosa, un estilo de periodismo / _cAnna Nogué Regàs, José Ángel Borja Simón ; prólogo de Jaume Guillamet |
| 260 |
_aMadrid : _bFragua, _c2011 |
||
| 300 |
_a338 p. _bil. _c21 cm |
||
| 500 | _aNotes. Índex | ||
| 505 | 8 | _aInclou articles periodístics de Tristán La Rosa | |
| 600 | 1 | 7 |
_aLa Rosa, Tristán _2lemac |
| 650 | 7 |
_aPeriodistes catalans _xBiografia _2lemac _93139 |
|
| 700 | 1 |
_aBorja Simón, José Ángel, _d1965- |
|
| 700 | 1 | _aLa Rosa, Tristán | |
| 942 |
_2udc _cMON |
||
| 999 |
_c6685 _d6685 |
||